000 01958cam a2200469 i 4500
001 22214133
003 BJBSDDR
005 20250828154445.0
007 ta
008 210902s2021 nyua 001 0 eng d
010 _a 2021289444
020 _a9780744027396 (hardcover)
020 _a074402739X (hardcover)
035 _a22214133
035 _a(OCoLC)1237766312
040 _aDAD
_beng
_cDAD
_erda
_dOCLCO
_dTOH
_dLIV
_dYDX
_dOCLCF
_dDLC
041 _aeng
042 _alccopycat
050 1 4 _aB 29
_bS612 2021
082 0 0 _a100
245 0 0 _aSimply philosophy.
_c[Editors Andrew Szudek, Kathryn, Hill]
246 3 _aPhilosophy
250 _aFirst American edition.
264 1 _aNew York, New York:
_bDorling Kindersley Limited,
_c2021.
300 _a160 pages :
_billustrations (some color) ;
_c22 cm.
490 _aDK Simply
500 _aIncludes index.
505 0 _aThinking about the world -- Being and language -- Mind and matter -- Right and wrong -- Politics and power -- Logic and argument.
520 _a"A clear, simple, graphic-led introduction to philosopy. Are you short of time but hungry for knowledge? This philosophy book proves that sometimes less is more. Bold graphics and easy-to-understand explanations make it the most accessible guide to philosophy on the market. Organized by major philosophical themes, each pared-back, single-page entry demystifies the groundbreaking theories of famous philosophers.
650 0 _aPhilosophy.
650 4 _aFilosofĂ­a
_91104
650 0 _aApplied philosophy.
650 0 _aPractice (Philosophy)
650 0 _aThought experiments.
650 4 _aFilosofĂ­a
_xExperimentos
_944650
700 1 _aSzudek, Andrew
_942481
700 1 _aHill, Kathryn
_943160
830 0 _aSimply (DK Publishing, Inc.)
_944649
906 _a7
_bcbc
_ccopycat
_d2
_encip
_f20
_gy-gencatlg
942 _2lcc
_cBK
999 _c124127
_d124127